000 01017cam a2200289 a 4500
999 _c511
_d511
001 (Sirsi) a820733
003 OSt
005 20190819105119.0
008 140521r20132011nyu d 000 1 eng d
020 _a9781780620206
040 _aDLC
_beng
_cDLC
_dDLC
_dTAE
042 _anbic
082 _aFIC SED
100 1 _aSedgwick, Marcus.
_eauthor
245 1 0 _aMidwinterblood /
_cMarcus Sedgwick.
260 _aLondon :
_bIndigo,
_c2015.
300 _a275 p. ;
_c20 cm.
500 _aOriginally published: London : Orion Children's, 2011.
520 _a"Seven linked vignettes unfold on a Scandinavian island inhabited--throughout various time periods--by Vikings, vampires, ghosts, and a curiously powerful plant"--Provided by publisher.
521 1 _a13-18.
650 0 _aLove stories.
650 0 _aMan-woman relationships
_vJuvenile fiction.
650 0 _aReincarnation
_vJuvenile fiction.
650 0 _aIslands
_vJuvenile fiction.
651 0 _aScandinavia
_xHistory
_vJuvenile fiction.
942 _2ddc
_cFIC